[Event "Perm Rating Sepetember"]
[Site "Perm"]
[Date "2010.09.08"]
[Round "3"]
[White "Legostaev, Alexander"]
[Black "Khasanov, Artur"]
[Result "0-1"]
[WhiteElo "1874"]
[BlackElo "1997"]
[PlyCount "60"]
[EventDate "2010.09.06"]
[EventType "swiss"]
[EventRounds "7"]
[EventCountry "RUS"]
[SourceTitle "EXT 2022"]
[Source "ChessBase"]
[SourceDate "2021.10.06"]
[SourceVersion "1"]
[SourceVersionDate "2021.10.06"]
[SourceQuality "1"]

1. e4 e5 2. Nf3 Nc6 3. Bb5 a6 4. Ba4 Nf6 5. 0-0 Be7 6. Re1 d6 7. d4 b5 8. Bb3 Nxd4 9. Nxd4 exd4 10. Qxd4 c5 11. Qd3 c4 12. Bxc4 bxc4 13. Qxc4 0-0 14. Bf4 Be6 15. Qd3 d5 16. e5 Ne4 17. Be3 Qa5 18. c3 Qb5 19. Qxb5 axb5 20. a3 Nc5 21. Bxc5 Bxc5 22. Nd2 d4 23. Ne4 Bb6 24. Red1 dxc3 25. Nxc3 Bc4 26. Rac1 Rfd8 27. g3 Bd4 28. Re1 Re8 29. Re4 Bxe5 30. Rce1 f6 0-1

[Event "Perm Rating Sepetember"]
[Site "Perm"]
[Date "2010.09.06"]
[Round "1"]
[White "Legostaev, Alexander"]
[Black "Matveeva, Olga"]
[Result "0-1"]
[WhiteElo "1874"]
[BlackElo "2181"]
[PlyCount "70"]
[EventDate "2010.09.06"]
[EventType "swiss"]
[EventRounds "7"]
[EventCountry "RUS"]
[SourceTitle "EXT 2022"]
[Source "ChessBase"]
[SourceDate "2021.10.06"]
[SourceVersion "1"]
[SourceVersionDate "2021.10.06"]
[SourceQuality "1"]

1. e4 c5 2. Nf3 Nc6 3. d4 cxd4 4. Nxd4 g6 5. Be2 Bg7 6. Nb3 Nf6 7. Nc3 0-0 8. 0-0 d6 9. Bg5 h6 10. Be3 Bd7 11. f4 Rc8 12. Qe1 Ng4 13. Bd2 Qb6+ 14. Kh1 Nb4 15. Bd3 Nxd3 16. cxd3 Be6 17. h3 Bxb3 18. axb3 Nf6 19. b4 a6 20. Nd1 Rc6 21. Bc3 Rfc8 22. Qe3 Qxe3 23. Nxe3 e6 24. Nc4 Nxe4 25. dxe4 Rxc4 26. Bxg7 Kxg7 27. Rad1 Rxe4 28. Rxd6 Rxb4 29. Rf2 Rcc4 30. g3 Rd4 31. Rxd4 Rxd4 32. Rc2 Rb4 33. Kg2 Rb3 34. Kf2 Kf6 35. Re2 b5 0-1

[Event "RUS IPCA-ch"]
[Site "Adler"]
[Date "2009.10.14"]
[Round "?"]
[White "Legostaev, Alexander"]
[Black "Kaydanovich, Marina"]
[Result "1/2-1/2"]
[WhiteElo "1793"]
[BlackElo "1853"]
[PlyCount "66"]
[EventDate "2009.10.07"]
[EventType "swiss"]
[EventRounds "9"]
[EventCountry "RUS"]
[SourceTitle "EXT 2023"]
[Source "ChessBase"]
[SourceDate "2022.10.05"]
[SourceVersion "1"]
[SourceVersionDate "2022.10.05"]
[SourceQuality "1"]

1. e4 d5 2. exd5 Qxd5 3. Nc3 Qa5 4. d4 c6 5. Bd3 Nf6 6. Nf3 Bg4 7. 0-0 e6 8. Re1 Bd6 9. Ne4 Nxe4 10. Rxe4 Qh5 11. h3 Bxf3 12. Qxf3 Qxf3 13. gxf3 Nd7 14. Bg5 Nf6 15. Ree1 Kd7 16. Rad1 Nd5 17. c4 Nf4 18. Bf1 Rae8 19. d5 exd5 20. Rxe8 Rxe8 21. Bxf4 Bxf4 22. cxd5 Re5 23. dxc6+ Kxc6 24. a4 a6 25. Bd3 f5 26. Bc2 Rd5 27. Rxd5 Kxd5 28. Bxf5 b6 29. Bxh7 a5 30. Kf1 Bc1 31. b3 Ke5 32. Ke2 Kf4 33. Be4 Ba3 1/2-1/2

[Event "RUS IPCA-ch"]
[Site "Adler"]
[Date "2009.10.07"]
[Round "?"]
[White "Legostaev, Alexander"]
[Black "Malyshev, Roman"]
[Result "0-1"]
[WhiteElo "1793"]
[BlackElo "2177"]
[PlyCount "62"]
[EventDate "2009.10.07"]
[EventType "swiss"]
[EventRounds "9"]
[EventCountry "RUS"]
[SourceTitle "EXT 2023"]
[Source "ChessBase"]
[SourceDate "2022.10.05"]
[SourceVersion "1"]
[SourceVersionDate "2022.10.05"]
[SourceQuality "1"]

1. e4 c5 2. b3 Nc6 3. Bb2 e5 4. Bc4 Nf6 5. d3 Be7 6. Ne2 0-0 7. 0-0 d6 8. Nd2 a6 9. a4 Rb8 10. Bc3 b5 11. axb5 axb5 12. Bd5 Nxd5 13. exd5 Nd4 14. Bb2 Bb7 15. c4 bxc4 16. dxc4 Qb6 17. f4 Bc8 18. Nxd4 exd4 19. Qc2 Re8 20. Rfe1 Bd7 21. Kf1 g6 22. Ba3 Bf5 23. Qd1 Bf6 24. Rc1 Re3 25. Bb2 Rbe8 26. Nf3 Bd3+ 27. Kg1 Be2 28. Qc2 Bxf3 29. Rxe3 Rxe3 30. gxf3 Qxb3 31. Qf2 Rxf3 0-1

[Event "Perm op-B 10"]
[Site "Perm"]
[Date "2008.10.26"]
[Round "8"]
[White "Legostaev, Alexander"]
[Black "Tsyganov, Alexander"]
[Result "1/2-1/2"]
[WhiteElo "1768"]
[BlackElo "2078"]
[PlyCount "48"]
[EventDate "2008.10.15"]
[EventType "swiss"]
[EventRounds "8"]
[EventCountry "RUS"]
[SourceTitle "EXT 2022"]
[Source "ChessBase"]
[SourceDate "2021.10.06"]
[SourceVersion "1"]
[SourceVersionDate "2021.10.06"]
[SourceQuality "1"]

1. e4 g6 2. c4 Bg7 3. d4 d6 4. Nc3 Nf6 5. f4 0-0 6. Nf3 c5 7. dxc5 Qa5 8. Bd3 Qxc5 9. Qe2 Bg4 10. Be3 Qa5 11. 0-0 Nfd7 12. Nd5 Nc6 13. Bd2 Qd8 14. Bc3 Nd4 15. Qe3 Nxf3+ 16. gxf3 Bh3 17. Bxg7 Kxg7 18. Rf2 e6 19. Nc3 Qb6 20. Qxb6 Nxb6 21. Rd2 Rac8 22. Nb5 Nxc4 23. Bxc4 Rxc4 24. Nxd6 Rb4 1/2-1/2

[Event "Perm op-A 06"]
[Site "Perm"]
[Date "2007.06.11"]
[Round "5"]
[White "Ovchinnikov, Alexey"]
[Black "Legostaev, Alexander"]
[Result "1-0"]
[WhiteElo "2105"]
[BlackElo "1752"]
[PlyCount "137"]
[EventDate "2007.06.06"]
[EventType "swiss"]
[EventRounds "8"]
[EventCountry "RUS"]
[SourceTitle "EXT 2022"]
[Source "ChessBase"]
[SourceDate "2021.10.06"]
[SourceVersion "1"]
[SourceVersionDate "2021.10.06"]
[SourceQuality "1"]

1. c4 d5 2. cxd5 Nf6 3. Nc3 Nxd5 4. Nf3 Bg4 5. Ne5 Be6 6. Qa4+ c6 7. e4 Nb6 8. Qd1 N8d7 9. Nf3 Bg4 10. d4 e5 11. Be2 Bxf3 12. Bxf3 exd4 13. Qxd4 Qf6 14. Qxf6 Nxf6 15. Bg5 Be7 16. 0-0-0 h6 17. Bf4 0-0 18. e5 Nfd7 19. Bg4 Rad8 20. e6 Nf6 21. exf7+ Kxf7 22. Bf3 Rxd1+ 23. Rxd1 Rd8 24. Rxd8 Bxd8 25. Bb8 a6 26. Ne4 Be7 27. Nd6+ Bxd6 28. Bxd6 Nc4 29. Bc7 Nd5 30. Bb8 Nb4 31. Be2 Nb6 32. Bd6 N4d5 33. Kd2 Ke6 34. Bf8 Kf7 35. Bc5 Nd7 36. Bd4 c5 37. Bc4 cxd4 38. Bxd5+ Kf6 39. Bxb7 Nc5 40. Bc6 a5 41. b3 Ke5 42. Bb5 Ne4+ 43. Ke1 Nc3 44. a4 Ke4 45. Kd2 Na2 46. Bc6+ Ke5 47. g3 Kd6 48. Bb5 Nb4 49. f4 Kd5 50. Bd3 Ke6 51. h4 Kf6 52. Ke2 Ke6 53. Bb1 Kd5 54. Kf3 Na6 55. Bd3 Nc5 56. Bc4+ Kd6 57. g4 Ke7 58. h5 Kf6 59. b4 axb4 60. a5 b3 61. Bxb3 Nxb3 62. a6 Nd2+ 63. Ke2 Nc4 64. Kd3 Nb6 65. Kxd4 g6 66. hxg6 Kxg6 67. Kc5 Nd7+ 68. Kb5 Nb8 69. a7 1-0

[Event "Perm op 01-B"]
[Site "Perm"]
[Date "2007.01.23"]
[Round "5"]
[White "Batalova, Elena"]
[Black "Legostaev, Alexander"]
[Result "1-0"]
[WhiteElo "1651"]
[BlackElo "1789"]
[PlyCount "59"]
[EventDate "2007.01.17"]
[EventType "swiss"]
[EventRounds "8"]
[EventCountry "RUS"]
[SourceTitle "EXT 2019"]
[Source "ChessBase"]
[SourceDate "2018.10.10"]
[SourceVersion "1"]
[SourceVersionDate "2018.10.10"]
[SourceQuality "1"]

1. d4 d5 2. Bg5 Bf5 3. Nf3 Nd7 4. e3 Ngf6 5. Bd3 Bxd3 6. Qxd3 Ne4 7. 0-0 Nxg5 8. Nxg5 e5 9. Qf5 Qf6 10. Qxf6 gxf6 11. Nf3 0-0-0 12. Nc3 c6 13. a3 Rg8 14. Ne2 Bd6 15. Rac1 b5 16. Nh4 Rg5 17. Ng3 Nf8 18. c3 e4 19. Nhf5 Kd7 20. Nxd6 Kxd6 21. f3 exf3 22. Rxf3 Nd7 23. e4 Re8 24. Re1 Kc7 25. Rfe3 dxe4 26. Rxe4 Rb8 27. Re7 Rb7 28. Rxf7 f5 29. Ree7 Kd6 30. Nxf5+ 1-0

[Event "Perm op 01-B"]
[Site "Perm"]
[Date "2007.01.19"]
[Round "3"]
[White "Legostaev, Alexander"]
[Black "Goldshtein, Grigory"]
[Result "1/2-1/2"]
[WhiteElo "1789"]
[BlackElo "2185"]
[PlyCount "49"]
[EventDate "2007.01.17"]
[EventType "swiss"]
[EventRounds "8"]
[EventCountry "RUS"]
[SourceTitle "EXT 2019"]
[Source "ChessBase"]
[SourceDate "2018.10.10"]
[SourceVersion "1"]
[SourceVersionDate "2018.10.10"]
[SourceQuality "1"]

1. e4 c5 2. b3 Nc6 3. Bb2 e5 4. Nc3 Nf6 5. Nf3 a6 6. a4 d6 7. Bc4 Be7 8. 0-0 Bg4 9. h3 Bh5 10. Be2 Bg6 11. d3 Nd4 12. Nd2 Nxe2+ 13. Qxe2 0-0 14. Nc4 Nh5 15. Nd5 Nf6 16. Ncb6 Nxd5 17. Nxd5 f5 18. f3 f4 19. Nxe7+ Qxe7 20. Bc3 b5 21. axb5 axb5 22. Kh1 Bf7 23. Rxa8 Rxa8 24. Ra1 Rxa1+ 25. Bxa1 1/2-1/2

[Event "Perm op 01-B"]
[Site "Perm"]
[Date "2007.01.17"]
[Round "1"]
[White "Legostaev, Alexander"]
[Black "Volodin, Ivan"]
[Result "0-1"]
[WhiteElo "1789"]
[BlackElo "2061"]
[PlyCount "26"]
[EventDate "2007.01.17"]
[EventType "swiss"]
[EventRounds "8"]
[EventCountry "RUS"]
[SourceTitle "EXT 2019"]
[Source "ChessBase"]
[SourceDate "2018.10.10"]
[SourceVersion "1"]
[SourceVersionDate "2018.10.10"]
[SourceQuality "1"]

1. e4 c5 2. b3 Nc6 3. Bb2 e5 4. Nc3 d6 5. Bb5 g6 6. d3 Bg7 7. Nf3 Nge7 8. 0-0 0-0 9. Nd5 Nxd5 10. exd5 Ne7 11. Bc4 Bg4 12. h3 Bxf3 13. Qxf3 e4 0-1